[Event "1st Binhai Cup 2018"]
[Site "Tianjin CHN"]
[Date "2019.01.02"]
[Round "9.8"]
[White "Tabatabaei, M.amin"]
[Black "Li, Yankai"]
[Result "1/2-1/2"]
[WhiteTitle "GM"]
[WhiteElo "2587"]
[BlackElo "2427"]
[WhiteFideId "12521213"]
[BlackFideId "8609357"]
[EventDate "2018.12.25"]

1. d4 Nf6 2. c4 e6 3. Nf3 d5 4. g3 Be7 5. Bg2 O-O 6. O-O dxc4 7. Qc2 a6 8. a4 c5
9. dxc5 Bxc5 10. Qxc4 b6 11. Ne5 Ra7 12. Nc3 Bb7 13. Bxb7 Rxb7 14. Ne4 Qd4 15.
Nxf6+ gxf6 16. Qxd4 Bxd4 17. Nf3 Nc6 18. Bh6 Rd8 19. Rac1 Bc5 20. Rc4 f5 21. h3
Rbd7 22. Kg2 f6 23. Be3 Rd5 24. Bxc5 Rxc5 25. Rxc5 bxc5 26. Rc1 Rd5 27. Ne1 Na5
28. Rc3 c4 29. Nc2 Rd2 30. Kf3 Kf7 31. Ke3 Rd6 32. Na3 Rc6 33. Rc2 e5 34. g4 Ke6
35. f3 f4+ 36. Kf2 Kd5 37. Nb1 Kc5 38. Nc3 Nb3 39. e3 fxe3+ 40. Kxe3 Kb4 41. Ke4
Nc5+ 42. Kd5 Rc7 43. Kd6 Kb3 44. Rh2 Rc8 45. Ke7 Rc6 46. a5 Nd3 47. Nd1 Ne1 48.
Rf2 Nd3 49. Rd2 Kb4 50. Ne3 Kb3 51. Nd1 Ne1 52. Rf2 Nd3 53. Re2 Nf4 54. Rh2 Kb4
55. Nc3 Kxa5 56. Ne4 Nd5+ 57. Kf7 Kb4 58. Rd2 Nf4 59. Nxf6 Rc7+ 60. Kg8 Kb3 61.
Nxh7 Nd3 62. Nf6 Nxb2 63. Ne4 c3 64. Nxc3 Rxc3 65. g5 Rxf3 66. h4 Rh3 67. g6
Rxh4 68. Rd6 a5 69. g7 Rg4 70. Kf7 Rxg7+ 71. Kxg7 Nc4 72. Rd1 e4 73. Kf6 e3 74.
Kf5 Kc2 75. Ra1 e2 76. Ke4 1/2-1/2

[Event "1st Binhai Cup 2018"]
[Site "Tianjin CHN"]
[Date "2019.01.02"]
[Round "9.9"]
[White "Yang, Yijing"]
[Black "Fier, Alexandr"]
[Result "0-1"]
[WhiteTitle "WCM"]
[BlackTitle "GM"]
[WhiteElo "2035"]
[BlackElo "2558"]
[WhiteFideId "8608601"]
[BlackFideId "2107139"]
[EventDate "2018.12.25"]

1. d4 g6 2. c4 Bg7 3. Nf3 c5 4. d5 d6 5. e4 e6 6. Bd3 exd5 7. exd5 Ne7 8. O-O
O-O 9. Qc2 b5 10. Nc3 bxc4 11. Bxc4 Nd7 12. b3 Nb6 13. Bb2 Nxc4 14. bxc4 Rb8 15.
Rae1 Nf5 16. Ba1 Ba6 17. Qa4 Qc8 18. Rb1 Rb4 19. Rxb4 cxb4 20. Nb5 Bxb5 21. Qxb5
Qc5 22. Qxc5 dxc5 23. Bxg7 Kxg7 24. Re1 a5 25. g4 Nd6 26. Nd2 a4 27. Kf1 Kf6 28.
f4 g5 29. f5 h5 30. h3 hxg4 31. hxg4 Rh8 32. Kg2 Rb8 33. Re3 Kg7 34. Kf3 Rh8 35.
Kg2 Rh4 36. Rg3 Kf6 37. Kg1 Ke5 38. Re3+ Kf4 39. Re7 Rxg4+ 40. Kf2 Kxf5 0-1

[Event "1st Binhai Cup 2018"]
[Site "Tianjin CHN"]
[Date "2019.01.02"]
[Round "9.10"]
[White "Zhao, Chenxi"]
[Black "Liu, Yan"]
[Result "1/2-1/2"]
[BlackTitle "GM"]
[WhiteElo "2328"]
[BlackElo "2495"]
[WhiteFideId "8611513"]
[BlackFideId "8608962"]
[EventDate "2018.12.25"]

1. e4 c5 2. Nf3 d6 3. d4 cxd4 4. Qxd4 Nc6 5. Bb5 Bd7 6. Qd3 g6 7. O-O Bg7 8. c4
Nf6 9. Nc3 O-O 10. h3 Nb4 11. Qe2 a6 12. Bxd7 Nxd7 13. Be3 Bxc3 14. bxc3 Nc6 15.
Rab1 Qc7 16. Nd2 Rfc8 17. f4 b6 18. h4 Na5 19. Rb4 b5 20. h5 Nxc4 21. Nxc4 bxc4
22. f5 Ne5 23. Bd4 g5 24. f6 h6 25. Bxe5 dxe5 26. fxe7 Qxe7 27. Rb6 Kg7 28. Qf2
Qc5 29. Qxc5 Rxc5 30. Rff6 Ra5 31. Rxh6 Rb8 32. Rxa6 Rxa2 33. Rxa2 Kxh6 34. g4
Rb3 35. Rc2 Rb1+ 36. Kg2 Re1 37. Kf3 Kg7 38. Re2 Rf1+ 39. Kg3 Rg1+ 40. Kf3 Rc1
41. Re3 Rc2 42. Kg3 Rd2 43. Kf3 Rc2 44. Kg3 f6 45. Kf3 Kf7 1/2-1/2

[Event "1st Binhai Cup 2018"]
[Site "Tianjin CHN"]
[Date "2019.01.02"]
[Round "9.11"]
[White "Batchuluun, Tsegmed"]
[Black "Padmini, Rout"]
[Result "1-0"]
[WhiteTitle "GM"]
[BlackTitle "IM"]
[WhiteElo "2567"]
[BlackElo "2345"]
[WhiteFideId "4900847"]
[BlackFideId "5029295"]
[EventDate "2018.12.25"]

1. d4 Nf6 2. c4 g6 3. Nc3 d5 4. cxd5 Nxd5 5. e4 Nxc3 6. bxc3 Bg7 7. Bc4 c5 8.
Ne2 O-O 9. O-O Nc6 10. Be3 Qc7 11. Rc1 Rd8 12. Bf4 Be5 13. Bxe5 Nxe5 14. Bb3 Ng4
15. Ng3 c4 16. Bc2 Qf4 17. Qe1 e5 18. h3 exd4 19. cxd4 Nf6 20. d5 b5 21. Qc3 Kg7
22. Ne2 Qc7 23. Rb1 Bd7 24. Qd4 Qb6 25. Rfd1 Qxd4 26. Rxd4 Be8 27. Nc3 Rab8 28.
e5 Nd7 29. Rxb5 Rxb5 30. Nxb5 Nxe5 31. Nc3 g5 32. Kf1 f6 33. Ke2 Rb8 34. Rd2 h5
35. Ke3 h4 36. Bf5 Bg6 37. Bxg6 Kxg6 38. Kd4 g4 39. Re2 gxh3 40. gxh3 Kf5 41. d6
Rd8 42. Kd5 Ng6 43. Re3 Nf4+ 44. Kc6 Rc8+ 45. Kb7 Rd8 46. Kc7 Ne6+ 47. Rxe6 Kxe6
48. Kxd8 Kxd6 49. Ke8 Ke5 50. Kf7 Kf5 51. a4 a5 52. Nb5 1-0

[Event "1st Binhai Cup 2018"]
[Site "Tianjin CHN"]
[Date "2019.01.02"]
[Round "9.12"]
[White "Peng, Xiongjian"]
[Black "Huang, Renjie"]
[Result "1-0"]
[WhiteElo "2438"]
[BlackElo "2328"]
[WhiteFideId "8610550"]
[BlackFideId "8610134"]
[EventDate "2018.12.25"]

1. d4 Nf6 2. Bg5 Ne4 3. h4 c5 4. dxc5 Nxc5 5. Nc3 Nc6 6. Nf3 d6 7. g3 g6 8. Qd2
Bf5 9. Nd4 Ne4 10. Nxc6 bxc6 11. Nxe4 Bxe4 12. f3 Bf5 13. e4 Bd7 14. O-O-O Bg7
15. Bh6 Bf6 16. Bc4 Rb8 17. c3 Qc8 18. Bg5 Bg7 19. Bxe7 Kxe7 20. Qxd6+ Ke8 21.
Bxf7+ Kxf7 22. Qxd7+ Qxd7 23. Rxd7+ Kg8 24. Rxa7 h5 25. f4 Rh7 26. Kc2 Bf8 27.
Rxh7 Kxh7 28. b4 Kg7 29. Rd1 Kf6 30. a4 Re8 31. Rd4 c5 32. Rc4 Ke6 33. a5 Ra8
34. Kb3 Kd7 35. Ka4 Be7 36. b5 Kd6 37. a6 Bd8 38. Kb3 Rb8 39. Ra4 Rxb5+ 40. Kc4
Rb8 41. a7 Ra8 42. Ra6+ Kc7 43. Kxc5 Kb7 44. Kb5 Be7 45. e5 Kc7 46. Rc6+ Kb7 47.
Ra6 Kc7 48. c4 Kb7 49. Rxg6 Rxa7 50. Rg7 Kc8 51. f5 Rd7 52. f6 Bf8 53. Rg8 Rd8
54. Kc6 Re8 55. Kd5 Rd8+ 56. Ke6 Bc5 57. Rxd8+ 1-0

[Event "1st Binhai Cup 2018"]
[Site "Tianjin CHN"]
[Date "2019.01.02"]
[Round "9.13"]
[White "Popov, Mikhail"]
[Black "Xiao, Yiyi"]
[Result "1-0"]
[WhiteTitle "FM"]
[BlackTitle "WFM"]
[WhiteElo "2388"]
[BlackElo "2295"]
[WhiteFideId "4146182"]
[BlackFideId "8606161"]
[EventDate "2018.12.25"]

1. e4 e5 2. d4 exd4 3. Qxd4 Nc6 4. Qe3 Nf6 5. Bd2 Bb4 6. a3 Bxd2+ 7. Nxd2 O-O 8.
O-O-O Re8 9. f4 d6 10. Bd3 Bf5 11. Ngf3 Bg6 12. Ng5 h6 13. h4 Qd7 14. Rdf1 Kf8
15. Nh3 Bxe4 16. Bxe4 Qe7 17. Nf2 d5 18. g4 Nxe4 19. Nfxe4 dxe4 20. f5 Qf6 21.
Nb3 Ne5 22. g5 Qc6 23. f6 h5 24. Nd4 Ng4 25. Qf4 Qd5 26. fxg7+ Kxg7 27. Nf5+ Kh8
28. Nh6 e3 29. Nxg4 hxg4 30. g6 fxg6 31. Qh6+ Kg8 32. Qxg6+ Kh8 33. Qh6+ Kg8 34.
Rhg1 Re4 35. Qg6+ Kh8 36. Rf7 1-0

[Event "1st Binhai Cup 2018"]
[Site "Tianjin CHN"]
[Date "2019.01.02"]
[Round "9.14"]
[White "Chen, Fan"]
[Black "Nie, Xinyang"]
[Result "1-0"]
[WhiteTitle "FM"]
[WhiteElo "2370"]
[BlackElo "2229"]
[WhiteFideId "8600767"]
[BlackFideId "8607222"]
[EventDate "2018.12.25"]

1. e4 e6 2. d4 d5 3. e5 c5 4. c3 Nc6 5. Nf3 Qb6 6. a3 Nh6 7. b4 cxd4 8. cxd4 Nf5
9. Be3 Bd7 10. Bd3 Rc8 11. O-O Be7 12. Bxf5 exf5 13. Nc3 Be6 14. g3 Qd8 15. Qd2
h6 16. h4 g5 17. hxg5 hxg5 18. Nxg5 Bxg5 19. Bxg5 Nxd4 20. Qxd4 Qxg5 21. Nxd5
Qh6 22. Nf6+ Kf8 23. Kg2 Qh3+ 24. Kf3 Kg7 25. Rh1 Qxh1+ 26. Rxh1 Rxh1 27. Qxa7
Kg6 28. Qxb7 Ra1 29. Nd5 Rxa3+ 30. Kg2 Rc4 31. Nf4+ Rxf4 32. gxf4 Rd3 33. f3 Kh7
34. Qb5 Rd8 35. Kf2 Rd5 36. Qc6 Rd4 37. b5 Bd5 38. Qd6 Rd3 39. Ke2 Rd4 40. Ke3 1-0

[Event "1st Binhai Cup 2018"]
[Site "Tianjin CHN"]
[Date "2019.01.02"]
[Round "9.15"]
[White "Zhang, Lanlin"]
[Black "Wang, Shixu B"]
[Result "0-1"]
[WhiteElo "2178"]
[BlackElo "2342"]
[WhiteFideId "8608032"]
[BlackFideId "8610665"]
[EventDate "2018.12.25"]

1. e4 c6 2. d4 d5 3. exd5 cxd5 4. Bd3 Nc6 5. c3 Qc7 6. Ne2 e6 7. O-O Bd6 8. f4
Nf6 9. Nd2 O-O 10. Qc2 Bd7 11. Nf3 Rac8 12. Qb1 Qb6 13. b4 Ne7 14. a4 Ne4 15.
Bxe4 dxe4 16. Qxe4 Bc6 17. Qd3 Bd5 18. Nd2 Qc7 19. Bb2 Bc4 20. Nxc4 Qxc4 21. Rf3
Nd5 22. g3 Bxb4 23. cxb4 Qxd3 24. Rxd3 Rc2 25. Ba3 Rxe2 26. Rc1 Rd8 27. b5 h5
28. Rc5 h4 0-1

[Event "1st Binhai Cup 2018"]
[Site "Tianjin CHN"]
[Date "2019.01.02"]
[Round "9.16"]
[White "Maisuradze, Nino"]
[Black "Wu, huanghui"]
[Result "0-1"]
[WhiteTitle "WGM"]
[WhiteElo "2248"]
[BlackElo "2164"]
[WhiteFideId "13601717"]
[BlackFideId "8623929"]
[EventDate "2018.12.25"]

1. d4 Nf6 2. c4 e6 3. Nc3 Bb4 4. Qc2 d5 5. cxd5 Qxd5 6. e3 c5 7. Bd2 Bxc3 8.
Bxc3 Nc6 9. dxc5 Qxc5 10. Rc1 O-O 11. Nf3 Nd5 12. Bd2 Qxc2 13. Rxc2 Bd7 14. a3
f6 15. Bc4 Nb6 16. Bb3 g5 17. Bc3 Kf7 18. O-O Ne7 19. e4 Ba4 20. Bxa4 Nxa4 21.
Bd4 Rac8 22. Rd2 Nc6 23. b3 Nxd4 24. Rxd4 Nb6 25. Rfd1 Rc3 26. Rb4 Rd8 27. Re1
Rdd3 28. Rb1 e5 29. h3 h5 30. a4 Rc7 31. Rb2 Nd7 32. Kf1 b6 33. Nd2 Nc5 34. Rc4
Rcd7 35. Ke1 Ne6 36. g3 h4 37. Nf1 Nd4 38. gxh4 Nf3+ 39. Ke2 Ng1+ 0-1

[Event "1st Binhai Cup 2018"]
[Site "Tianjin CHN"]
[Date "2019.01.02"]
[Round "9.17"]
[White "Gu, Tianlu"]
[Black "Yu, Lei"]
[Result "1-0"]
[WhiteTitle "WIM"]
[WhiteElo "2231"]
[BlackElo "2074"]
[WhiteFideId "8603995"]
[BlackFideId "8620733"]
[EventDate "2018.12.25"]

1. e4 Nf6 2. e5 Nd5 3. d4 d6 4. c4 Nb6 5. exd6 exd6 6. Nc3 Be7 7. Nf3 O-O 8. Be2
Nc6 9. O-O Bf6 10. b3 Bf5 11. Bf4 Re8 12. Qd2 Bg4 13. Be3 a5 14. h3 Bh5 15. Rac1
a4 16. g4 Bg6 17. g5 Be7 18. d5 Ne5 19. Nxe5 dxe5 20. c5 Nc8 21. Nxa4 Qd7 22.
Bg4 Bf5 23. Rc4 Na7 24. d6 Bxg4 25. Rxg4 Rad8 26. Qa5 Nc6 27. Qxc7 Qxc7 28. dxc7
Rd7 29. c8=Q Rxc8 30. Nb6 Rcd8 31. Nxd7 Rxd7 32. b4 f5 33. gxf6 Bxf6 34. Rc4 Kf7
35. b5 Nd4 36. Bxd4 exd4 37. c6 bxc6 38. bxc6 Rc7 39. Re1 h6 40. Kf1 h5 41. a4 1-0

[Event "1st Binhai Cup 2018"]
[Site "Tianjin CHN"]
[Date "2019.01.02"]
[Round "9.18"]
[White "Jiang, Qinyu"]
[Black "Chu, Ruotong"]
[Result "1/2-1/2"]
[BlackTitle "WIM"]
[WhiteElo "2037"]
[BlackElo "2261"]
[WhiteFideId "8612927"]
[BlackFideId "8605653"]
[EventDate "2018.12.25"]

1. e4 c5 2. Nf3 Nc6 3. d4 cxd4 4. Nxd4 g6 5. c4 Bg7 6. Be3 Nf6 7. Nc3 O-O 8. Be2
d6 9. O-O Nxd4 10. Bxd4 Bd7 11. f3 Bc6 12. b4 a6 13. b5 axb5 14. cxb5 Bd7 15.
Rc1 Ne8 16. Bxg7 Nxg7 17. a4 Qa5 18. Nd5 Qxa4 19. Qxa4 Rxa4 20. Nxe7+ Kh8 21.
Rfd1 Rb4 22. Rxd6 Bxb5 23. Bxb5 Rxb5 24. Rd5 Rxd5 25. Nxd5 Ne6 26. Rb1 Rb8 27.
Kf2 Kg7 28. Ke3 Kf8 29. Nf4 Nxf4 30. Kxf4 Ke7 1/2-1/2

[Event "1st Binhai Cup 2018"]
[Site "Tianjin CHN"]
[Date "2019.01.02"]
[Round "9.19"]
[White "Wang, Zijian"]
[Black "Zuo, Yifan"]
[Result "1/2-1/2"]
[BlackTitle "CM"]
[WhiteElo "1839"]
[BlackElo "2300"]
[WhiteFideId "8619034"]
[BlackFideId "8614610"]
[EventDate "2018.12.25"]

1. e4 c5 2. Nf3 Nc6 3. d4 cxd4 4. Nxd4 g6 5. c4 Nf6 6. Nc3 Nxd4 7. Qxd4 d6 8.
Be2 Bg7 9. Be3 O-O 10. Qd2 Be6 11. O-O Qa5 12. Rac1 Rfc8 13. b3 a6 14. Rfd1 Nd7
15. Na4 Qxd2 16. Bxd2 Rcb8 17. c5 Rc8 18. Be3 dxc5 19. Rxd7 Bxd7 20. Nb6 Rd8 21.
Nxa8 Rxa8 22. Rxc5 Bc6 23. f3 Kf8 24. a4 Ke8 25. a5 e6 26. Rc2 Bf6 27. b4 h5 28.
Kf2 Be7 29. Bc5 Ba4 30. Rc4 Bb5 31. Rc3 Rc8 32. Bxb5+ axb5 33. Bd4 Rd8 34. Bb6
Ra8 35. Bc5 Bf6 36. Rd3 Rc8 37. Ke3 Be7 38. Bxe7 Kxe7 39. e5 Rc6 40. h4 Ke8 41.
g4 Ke7 42. gxh5 gxh5 43. Rd4 Rc3+ 44. Rd3 Rc6 45. Rd4 Rc3+ 46. Rd3 Rc6 47. Rd4 1/2-1/2

[Event "1st Binhai Cup 2018"]
[Site "Tianjin CHN"]
[Date "2019.01.02"]
[Round "9.20"]
[White "Chen, KaiLin"]
[Black "Ning, Kaiyu"]
[Result "0-1"]
[WhiteElo "2016"]
[BlackElo "2247"]
[WhiteFideId "8620954"]
[BlackFideId "8614750"]
[EventDate "2018.12.25"]

1. e4 e6 2. d4 d5 3. Nc3 Bb4 4. e5 c5 5. a3 Bxc3+ 6. bxc3 Qa5 7. Bd2 Qa4 8. Qb1
c4 9. f4 Nc6 10. Nf3 Nge7 11. Be2 Bd7 12. Be3 O-O-O 13. Kd2 f6 14. Qb2 h5 15.
Rag1 Nf5 16. Bf2 Rdg8 17. g3 Be8 18. Nh4 Nxh4 19. gxh4 Ne7 20. Rg2 Nf5 21. Rhg1
Rf8 22. Rxg7 Nxg7 23. Rxg7 Qb5 24. Qxb5 Bxb5 25. exf6 Rxf6 26. Bg3 Rf5 27. Bf1
Bd7 28. Bh3 Rff8 29. Rg5 Rh7 30. Re5 Rf6 31. Rg5 b6 32. Bg2 b5 33. Ke2 Kb7 34.
Re5 Kc6 35. Rg5 Be8 36. Kd2 Bg6 37. Bf3 Rh6 38. Be2 Rf5 39. Bf1 Kd7 40. Bh3 Rxg5
41. fxg5 Rh8 42. Be5 Rf8 43. Bf6 a5 44. Bf1 Rb8 45. Be2 b4 46. cxb4 axb4 47.
axb4 Rxb4 48. Be5 Rb1 49. Bg3 Kc6 50. c3 Ra1 51. Be1 Kb5 52. h3 Ka4 53. Bd1+ Ka3
54. Ke2 Kb2 55. Kd2 Ka3 56. Be2 Kb3 57. Bf3 Ra2+ 58. Ke3 Rh2 59. Kf4 Rxh3 60.
Bd1+ Kb2 61. Bf3 Kc2 62. Bg2 Rd3 63. Bf3 Bf7 64. Kg3 Re3 65. Kf2 Rxe1 66. Kxe1
Kxc3 67. Bd1 Bg6 0-1

[Event "1st Binhai Cup 2018"]
[Site "Tianjin CHN"]
[Date "2019.01.02"]
[Round "9.21"]
[White "Li, Yunshan"]
[Black "Li, Yihao"]
[Result "1-0"]
[WhiteTitle "WFM"]
[WhiteElo "2196"]
[BlackElo "1809"]
[WhiteFideId "8607664"]
[BlackFideId "8616299"]
[EventDate "2018.12.25"]

1. d4 Nf6 2. c4 g6 3. Nc3 d5 4. Nf3 Bg7 5. h4 c6 6. cxd5 Nxd5 7. h5 Bf5 8. e3
Nd7 9. hxg6 fxg6 10. Bc4 N7b6 11. Bb3 Qd7 12. Qe2 Nxc3 13. bxc3 O-O-O 14. Ng5
Nd5 15. Nf7 Nxc3 16. Qc4 Ne4 17. Nxh8 Rxh8 18. Bb2 Nd6 19. Qe2 Kb8 20. d5 Bxb2
21. Qxb2 Rc8 22. dxc6 Qxc6 23. O-O Qc3 24. Qxc3 Rxc3 25. Rac1 Rc7 26. f3 Kc8 27.
g4 Bd3 28. Rfd1 Be2 29. Rxc7+ Kxc7 30. Rc1+ Kd7 31. Kf2 Bd3 32. Rh1 b5 33. e4 a5
34. Rd1 Bc4 35. Bxc4 bxc4 36. e5 1-0

[Event "1st Binhai Cup 2018"]
[Site "Tianjin CHN"]
[Date "2019.01.02"]
[Round "9.23"]
[White "Wang, Zideng"]
[Black "Hu, Yu A."]
[Result "1/2-1/2"]
[WhiteTitle "CM"]
[WhiteElo "2068"]
[BlackElo "2032"]
[WhiteFideId "8614350"]
[BlackFideId "8609993"]
[EventDate "2018.12.25"]

1. d4 Nf6 2. c4 e6 3. g3 d5 4. Nf3 dxc4 5. Qa4+ Nbd7 6. Qxc4 a6 7. Bg2 b5 8. Qc2
Bb7 9. Bf4 c5 10. dxc5 Bxc5 11. O-O Rc8 12. Qd1 O-O 13. Nbd2 Nd5 14. Nb3 Nxf4
15. gxf4 Bb6 16. Qd3 Qe7 17. Rad1 Nf6 18. Qd6 Qxd6 19. Rxd6 Nd5 20. Ne5 Bc7 21.
Bxd5 Bxd5 22. Rxa6 Bxe5 23. fxe5 Rc2 24. Nd4 Rxb2 25. a3 b4 26. axb4 Rxb4 27.
Rd1 Rc8 28. f3 g6 29. Kf2 Rc5 30. Ra3 Bb7 31. f4 Rcc4 32. Ke3 1/2-1/2

[Event "1st Binhai Cup 2018"]
[Site "Tianjin CHN"]
[Date "2019.01.02"]
[Round "9.24"]
[White "Zhang, Xiao"]
[Black "Yan, Tianqi"]
[Result "1/2-1/2"]
[WhiteElo "2017"]
[BlackElo "2098"]
[WhiteFideId "8610894"]
[BlackFideId "8615250"]
[EventDate "2018.12.25"]

1. d4 Nf6 2. c4 e6 3. Nf3 d5 4. e3 c6 5. Bd3 dxc4 6. Bxc4 Nbd7 7. a4 Bd6 8. O-O
O-O 9. Nc3 Qe7 10. e4 e5 11. Re1 exd4 12. Nxd4 Ne5 13. Be2 Rd8 14. Nf5 Bxf5 15.
exf5 Bc7 16. Qc2 Nd3 17. Rd1 Nxc1 18. Raxc1 Qb4 19. g3 Bb6 20. b3 Qc5 21. Bf3
Ba5 22. Nd5 Qxc2 23. Nxf6+ gxf6 24. Rxc2 Rxd1+ 25. Bxd1 Rd8 26. Be2 Rd2 27. Rxd2
Bxd2 28. Kg2 Kf8 29. Kf3 Bb4 30. Ke4 Bc5 31. f3 Bg1 32. h3 Bf2 33. g4 1/2-1/2

[Event "1st Binhai Cup 2018"]
[Site "Tianjin CHN"]
[Date "2019.01.02"]
[Round "9.25"]
[White "Bai, Xue"]
[Black "Wu, David Tai-Wei"]
[Result "1-0"]
[WhiteElo "2133"]
[BlackElo "1630"]
[WhiteFideId "8608717"]
[BlackFideId "16301765"]
[EventDate "2018.12.25"]

1. e4 e5 2. Nf3 Nc6 3. Bc4 Bc5 4. O-O Nf6 5. d3 d6 6. c3 O-O 7. h3 a6 8. a4 Ba7
9. Re1 h6 10. Nbd2 Ne7 11. Nf1 Ng6 12. b4 c6 13. Bb3 Qc7 14. d4 Re8 15. Ng3 Be6
16. Bxe6 Rxe6 17. dxe5 dxe5 18. Nf5 Rd8 19. Qc2 Ree8 20. c4 a5 21. bxa5 Qxa5 22.
Bd2 Qc7 23. c5 Nf4 24. Bxf4 exf4 25. e5 Nd7 26. Nd6 Re7 27. Qf5 Bxc5 28. Ne4
Rde8 29. Red1 Ba7 30. Nd6 Rd8 31. Nc4 b5 32. axb5 cxb5 33. Nb2 Rde8 34. Nd3 Qb6
35. Qxf4 Nc5 36. Nb4 Ne6 37. Qg3 Ng5 38. Nxg5 hxg5 39. Nd5 Qxf2+ 40. Qxf2 Bxf2+
41. Kxf2 Rxe5 42. Ra2 Rf5+ 43. Kg3 Ree5 44. Rad2 g6 45. Rd3 Kg7 46. Ne3 Rf4 47.
Ng4 Rc5 48. Rb1 Rfc4 49. Kh2 b4 50. Rdb3 Rb5 51. Ne3 Re4 52. Nc2 g4 53. h4 g5
54. hxg5 Kg6 55. Rxb4 Rbxb4 56. Rxb4 Rxb4 57. Nxb4 Kxg5 58. Kg3 f6 59. Nd5 f5
60. Nf4 Kf6 61. Kh4 Ke5 62. Kg5 Ke4 63. Nh5 Ke3 64. Kxf5 g3 65. Kg4 Kf2 66. Kh3 1-0

[Event "1st Binhai Cup 2018"]
[Site "Tianjin CHN"]
[Date "2019.01.02"]
[Round "9.26"]
[White "Zhong, Kangmin"]
[Black "Wang, Xiaoyan"]
[Result "0-1"]
[WhiteElo "1825"]
[BlackElo "1943"]
[WhiteFideId "8618887"]
[BlackFideId "8623015"]
[EventDate "2018.12.25"]

1. d4 Nf6 2. Nf3 g6 3. Bf4 Bg7 4. e3 d6 5. Be2 O-O 6. Nbd2 c5 7. c3 b6 8. O-O
Bb7 9. h3 Nbd7 10. Bh2 Rc8 11. Qa4 Qc7 12. Ba6 Bc6 13. Bb5 Bb7 14. Rfe1 a6 15.
Bf1 b5 16. Qd1 e5 17. dxe5 Nxe5 18. a4 Bc6 19. Qb3 Rfd8 20. axb5 axb5 21. Red1
Rb8 22. Nxe5 dxe5 23. Nf3 Nd7 24. Ra6 Qb7 25. Rda1 c4 26. Qa3 Bf8 27. Qa5 Bxf3
28. gxf3 Nc5 29. Ra7 Qxf3 30. Bg2 Rd1+ 31. Rxd1 Qxd1+ 32. Bf1 Ne4 33. Qc7 Qf3
34. Bg2 Qxf2+ 35. Kh1 Bd6 36. Qd7 Bc5 37. Bxe4 Bxa7 38. Qxa7 Qf1+ 39. Bg1 Qxh3+
40. Bh2 Rd8 41. Bd5 Qf1+ 42. Bg1 e4 43. Qd4 Qf3+ 44. Kh2 Qh5+ 0-1

[Event "1st Binhai Cup 2018"]
[Site "Tianjin CHN"]
[Date "2019.01.02"]
[Round "9.30"]
[White "Lu, Miaoyi"]
[Black "Wang, Puxuan"]
[Result "1-0"]
[WhiteElo "1737"]
[BlackElo "1270"]
[WhiteFideId "8618020"]
[BlackFideId "8625050"]
[EventDate "2018.12.25"]

1. d4 d5 2. Nf3 Nf6 3. c4 e6 4. g3 Bd6 5. Bg2 c6 6. O-O O-O 7. Nfd2 Nbd7 8. Nc3
b6 9. e4 dxe4 10. Ndxe4 Nxe4 11. Nxe4 Be7 12. Bf4 Bb7 13. Nd6 Bxd6 14. Bxd6 Re8
15. f4 Nf6 16. Be5 Rc8 17. Qf3 Ba8 18. Qa3 Ng4 19. Rad1 f6 20. Bd6 Ne3 21. Qxe3
Qxd6 22. c5 Qd7 23. Rfe1 Rcd8 24. Qb3 Rb8 25. Bh3 f5 26. Bxf5 Kf7 27. Bxe6+ Rxe6
28. f5 Re8 29. fxe6+ Rxe6 30. Rxe6 Qxe6 31. Rf1+ Ke7 32. Qxe6+ Kxe6 33. cxb6
axb6 34. Rf8 Bb7 35. Rb8 Ba6 36. Rxb6 Bb5 37. Rxb5 cxb5 38. Kf2 Kd5 39. Ke3 g5
40. g4 h6 41. Kd3 b4 42. h3 b3 43. axb3 Kc6 44. Kc4 Kb6 45. Kd5 Kc7 46. Ke6 Kd8
47. Kd6 1-0